Football Players by Picture #6 - England - Statistics

General Stats
  • This quiz has been taken 9,020 times
  • The average score is 11 of 16
Answer Stats
Picture Answer % Correct
Harry Kane
100%
Wayne Rooney
95%
David Beckham
91%
Steven Gerrard
87%
Frank Lampard
85%
Rio Ferdinand
82%
Gareth Southgate
76%
Ashley Cole
72%
Gary Neville
67%
Alan Shearer
65%
Bobby Charlton
60%
Bobby Moore
60%
Gary Lineker
53%
Michael Owen
52%
Bobby Robson
22%
Peter Shilton
18%
No matching quizzes found
Score Distribution
Percent of People with Each Score
Percentile by Number Answered
Your Score History
You have not taken this quiz